000 01144cam a2200289 4500
001 L111583
008 160211n2012 000 0 eng u
020 _a9780333921142
035 _a(Sirsi) u111583
041 _aeng
050 _a333.332
100 _aIsaac, David
245 _aProperty valuation principles.
260 _aBasingstoke
_bPalgrave Macmillan
_c2001
300 _aix,238p.
_c24cm.
520 _aProvides a basic introduction to the principles and methodology of property valuation. Includes an overview of the property market, looks at the role of the valuer and five core valuation methods which are comparitive, profits, contractors, residual and investment both the traditional and discounted cash flow approaches. Concludes with a look at yields, gearing and growth. Each chapter contains a series of self-assessment questions with answers.
590 _aKA
650 2 4 _aCOMPARATIVE METHOD
650 2 4 _aPROFITS
650 2 4 _aCONTRACTORS METHOD
650 2 4 _aRESIDUAL
650 2 4 _aDISCOUNT CASH FLOW
650 _aYIELDS
651 4 _aUnited Kingdom
_y
690 _aValuation
_96273
942 _n0
999 _c101260
_d101260